| 000 | 00595nam a2200193Ia 4500 | ||
|---|---|---|---|
| 003 | GCL | ||
| 008 | 140319s9999 xx 000 0 ara d | ||
| 040 |
_aGCL / _cGCL |
||
| 082 | 0 | 4 |
_a016 _bم ف |
| 100 | 1 | _aمحمد عدنان البخيت | |
| 245 | 1 | 0 |
_aفهرس المخطوطات العربية المصورة / _cمحمد عدنان البخيت |
| 700 | 1 | _aنوفان رجا الحمود | |
| 300 | _a225 ص | ||
| 490 | _a | ||
| 650 | 0 | 4 | _aالمخطوطات العربية |
| 650 | 0 | 4 | _aالببليوجرافيات الموضوعية |
| 650 | 0 | 4 | _aالفهارس |
| 942 |
_2ddc _cBK |
||
| 999 |
_c37883 _d37883 |
||